| 000 | 00779nam a2200241 i 4500 | ||
|---|---|---|---|
| 003 | DO-SdBNP | ||
| 005 | 20231110110209.0 | ||
| 006 | a||||gr|||| 00| 0 | ||
| 007 | ta | ||
| 008 | 231110b dr ac||| |||| 00| 0 spa d | ||
| 040 |
_aDO-SdBNP _bspa _cBNPHU _erda |
||
| 082 | 4 |
_222 _bM938c |
|
| 100 | 1 |
_aMoya, Jesús Ma. _981937 _eautor |
|
| 245 | 1 | 0 |
_aCorazón, amor de Jesús: _bvengan a mí. / _cJesús Ma. Moya |
| 250 | _a2a. edición | ||
| 264 |
_aSanto Domingo : _bInternational Institute of The Heart of Jesús, _c[200?] |
||
| 300 |
_a98 páginas : _bIlustraciones, fotografía, retratos ; _c21 cm. |
||
| 336 |
_2rdacontent _atexto _btxt |
||
| 337 |
_2rdamedia _asin mediación _bn |
||
| 338 |
_2rdacarreir _avolumen _bnc |
||
| 590 | _aInventariado 2023 / MF | ||
| 942 |
_2ddc _cLBS1 |
||
| 999 |
_c55455 _d55455 |
||